| 000 | 01206pam a2200349 a 4500 | ||
|---|---|---|---|
| 001 | 6029 | ||
| 003 | FISKH | ||
| 005 | 20250224102005.0 | ||
| 008 | 920506r19931993caua j 000 1 eng | ||
| 010 | _a 92018704 | ||
| 020 | _a0152006869 (pbk) | ||
| 040 |
_aDLC _cDLC _dDLC _beng |
||
| 050 | _aPZ7.W647 W | ||
| 082 | _a741.5 | ||
| 100 | 1 | _aWildsmith, Brian. | |
| 245 | 1 | 0 |
_aWake up, wake up! / _cBrian and Rebecca Wildsmith. |
| 260 |
_aNew York : _bScholastic, _c1993. |
||
| 300 |
_a20 unnumbered pages : _bcolor illustrations ; _c16 cm |
||
| 500 | _a"Gulliver books." | ||
| 500 | _a"First published in Great Britain in 1993 by Oxford University Press--Cover p. [3]. | ||
| 505 | _aD | ||
| 520 | _aThe sun wakes up the rooster who crows and wakes up the goose who honks and wakes up the sheep who bleat and so on until all the farm animals wake the farmer who feeds them. | ||
| 521 | 8 |
_a160
_bLexile estimate |
|
| 521 | 8 |
_aD
_bRaz-Plus |
|
| 650 | 1 |
_aMorning _xFiction. |
|
| 650 | 1 |
_aDomestic animals _xFiction. |
|
| 650 | 1 |
_aFarm life _xFiction. |
|
| 700 | 1 | _aWildsmith, Rebecca. | |
| 906 |
_a7 _bcbc _corignew _d1 _eocip _f19 _gy-gencatlg |
||
| 942 |
_2ddc _cBK _n0 |
||
| 999 |
_c6029 _d6029 |
||